| 000 | 00899nam a2200229 a 4500 | ||
|---|---|---|---|
| 001 | 000030796 | ||
| 005 | 20251120084039.0 | ||
| 008 | 110530s1946 dr r 000 0 spa d | ||
| 040 |
_aDO-SdBNP _bspa _cBNPHU |
||
| 082 |
_a347.006 _bR934a |
||
| 100 | 1 |
_aRuíz Funes, Mariano _957351 |
|
| 245 | 1 | 0 |
_aAlgunos problemas del testimonio / _cMariano Ruíz Funes. |
| 260 |
_aCiudad Trujillo, República Dominicana : _bUASD, _c1946. |
||
| 300 |
_a49 p. ; _c23 cm. |
||
| 490 | 1 |
_aPublicaciones de la Universidad de Santo Domingo _v41 |
|
| 500 | _aResumen del cursillo dictado en la Universidad de Santo Domingo del 29 de octubre al 1 de noviembre de 1945 | ||
| 650 | 4 |
_aTestigos _96302 |
|
| 650 | 0 |
_aEvidencia (Derecho) _919635 |
|
| 710 | 1 |
_aUniversidad Autónoma de Santo Domingo _972951 |
|
| 830 | 0 |
_aPublicaciones de la Universidad de Santo Domingo _v41 _9818 |
|
| 910 | _aValidado. Control de calidad MFF | ||
| 999 |
_c30288 _d30288 |
||